|
|
|
|
| LEADER |
00000cam a2200000 a 4500 |
| 001 |
vtls001257534 |
| 003 |
SK-MaSNL |
| 005 |
20260301145123.0 |
| 008 |
250225s1990 xr ogc grn 00000 slo |
| 015 |
|
|
|a SNBA1990/06
|
| 020 |
|
|
|a 8070900202
|q (brožované)
|
| 035 |
|
|
|a SNK000208371
|
| 035 |
|
|
|a urn:nbn:sk:snk-amlqxm
|
| 035 |
|
|
|a urn:nbn:sk:snk-am00c1kn
|
| 035 |
|
|
|a 5257A43C-FE41-4774-B359-9FD9780D9CC2
|
| 040 |
|
|
|a SNK
|b slo
|c SNK
|e AACR2
|
| 041 |
0 |
|
|a slo
|
| 044 |
|
|
|a xr
|c CZ
|a xo
|c SK
|
| 072 |
|
7 |
|a 784
|x Vokálna hudba
|2 konspekt
|
| 072 |
|
7 |
|a 780.6
|x Hudobné nástroje a príslušenstvo
|2 konspekt
|
| 080 |
|
|
|a 784
|2 2011
|
| 080 |
|
|
|a 784.3/.7(=162.4)
|2 2011
|
| 080 |
|
|
|a 784.71
|2 2011
|
| 080 |
|
|
|a 784.9
|2 2011
|
| 080 |
|
|
|a 780.616.433
|2 2011
|
| 080 |
|
|
|a (0:82-192)
|2 2011
|
| 100 |
1 |
|
|a Vansa, Ľudovít,
|d 1835-1873
|4 aut
|9 167582
|
| 245 |
1 |
0 |
|a Piesne Sokolov tatranských pre spev a klavír, op. 3
|c Ľudovít Vansa ; [spracoval: Emanuel Muntág ; texty piesní revidoval Juraj Chovan ; noty kreslil Jozef Soukup]
|
| 246 |
1 |
4 |
|a Piesne Sokolov tatránskych
|
| 250 |
|
|
|a 2. revidované a doplnené vyd.
|
| 260 |
|
|
|a V Prahe
|b R. Veit
|a V Martine
|b Matica slovenská
|c 1990
|
| 300 |
|
|
|a [45] nečíslovaných strán
|b fotografie, noty, portréty
|c 28 cm
|
| 366 |
|
|
|e 1500 kusov z toho 500 účelových
|
| 490 |
1 |
|
|a Metodika a propagácia. Bibliofílie a rukopisy
|
| 500 |
|
|
|a Opravy
|
| 500 |
|
|
|a Názov z obalu: Piesne Sokolov tatranských
|
| 500 |
|
|
|a V protiľahlom titulnom liste uvedený Sošit I.
|
| 504 |
|
|
|a Bibliografia na strane [43]
|
| 650 |
0 |
7 |
|a slovenské piesne
|2 SNKPH
|9 3453
|
| 650 |
0 |
7 |
|a národné piesne
|2 SNKPH
|9 98708
|
| 650 |
0 |
7 |
|a spev
|2 SNKPH
|9 3420
|
| 650 |
0 |
7 |
|a klavír
|2 SNKPH
|9 58636
|
| 650 |
0 |
7 |
|a vokálna hudba
|2 SNKPH
|9 3442
|
| 655 |
|
7 |
|a spevníky
|2 SNKPH
|9 70506
|
| 700 |
1 |
|
|a Muntág, Emanuel,
|d 1929-2007
|4 com
|
| 700 |
1 |
|
|a Chovan-Rehák, Juraj,
|d 1931-2021
|4 oth
|9 214722
|
| 700 |
1 |
|
|a Soukup, Jozef
|4 ill
|9 340088
|
| 752 |
|
|
|a Slovensko
|d Martin
|
| 830 |
|
0 |
|a Metodika a propagácia
|p Bibliofílie a rukopisy
|9 504447
|
| 852 |
|
|
|a Slovenská národná knižnica
|
| 919 |
|
|
|a 80-7090-020-2
|
| 954 |
|
|
|a odborná, vedecká literatúra pôvodná (slovenská)
|2 lita
|
| 958 |
|
|
|a EUIPO
|
| 958 |
|
|
|a RK
|
| 958 |
|
|
|a TL
|
| 958 |
|
|
|a OND
|
| 958 |
|
|
|a NB
|
| 999 |
|
|
|c 779136
|d 781066
|
| 952 |
|
|
|a SNK
|b SNK
|y VYP
|7 0
|p 17A0149574
|o snkSB 47518 D9
|0 0
|1 0
|4 0
|d 1998-07-14
|l 0
|r 2005-01-01 00:00:00
|w 2026-02-24
|
| 952 |
|
|
|a SNK
|b SNK
|y PREZ
|7 0
|p 17A0873550
|o snkSB 47518
|i snkKSP 195/91
|0 0
|1 0
|4 0
|d 2012-07-09
|f 1
|l 0
|r 2025-02-13 00:00:00
|w 2026-02-24
|
| 952 |
|
|
|a SNK
|b SNK
|y VYP
|7 0
|p 17A0149465
|o snkSB 47518 D1
|0 0
|1 0
|4 0
|d 1998-07-14
|l 0
|r 2005-01-01 00:00:00
|w 2026-02-24
|
| 952 |
|
|
|a SNK
|b SNK
|y VYP
|7 0
|p 17A0149464
|o snkSB 47518 D2
|0 0
|1 0
|4 0
|d 1998-07-14
|l 0
|r 2005-01-01 00:00:00
|w 2026-02-24
|
| 952 |
|
|
|a SNK
|b SNK
|y VYP
|7 0
|p 17A0149281
|o snkSB 47518 D3
|0 0
|1 0
|4 0
|d 1998-07-14
|l 0
|r 2005-01-01 00:00:00
|w 2026-02-24
|
| 952 |
|
|
|a SNK
|b SNK
|y VYP
|7 0
|p 17A0149577
|o snkSB 47518 D4
|0 0
|1 0
|4 0
|d 1998-07-14
|l 0
|r 2005-01-01 00:00:00
|w 2026-02-24
|
| 952 |
|
|
|a SNK
|b SNK
|y VYP
|7 0
|p 17A0149556
|o snkSB 47518 D5
|0 0
|1 0
|4 0
|d 1998-07-14
|l 0
|r 2005-01-01 00:00:00
|w 2026-02-24
|
| 952 |
|
|
|a SNK
|b SNK
|y VYP
|7 0
|p 17A0149250
|o snkSB 47518 D6
|0 0
|1 0
|4 0
|d 1998-07-14
|l 0
|r 2005-01-01 00:00:00
|w 2026-02-24
|
| 952 |
|
|
|a SNK
|b SNK
|y VYP
|7 0
|p 17A0149578
|o snkSB 47518 D7
|0 0
|1 0
|4 0
|d 1998-07-14
|l 0
|r 2005-01-01 00:00:00
|w 2026-02-24
|
| 952 |
|
|
|a SNK
|b SNK
|y VYP
|7 0
|p 17A0149576
|o snkSB 47518 D8
|0 0
|1 0
|4 0
|d 1998-07-14
|l 0
|r 2005-01-01 00:00:00
|w 2026-02-24
|